White paper on international trade Japan 1971

Đã lưu trong:
書目詳細資料
格式: 圖書
語言:Undetermined
出版: Japan Japan External Trade Organization 1971
主題:
標簽: 添加標簽
沒有標簽, 成為第一個標記此記錄!
Thư viện lưu trữ: Trung tâm Học liệu Trường Đại học Cần Thơ
LEADER 00506nam a2200181Ia 4500
001 CTU_105524
008 210402s9999 xx 000 0 und d
082 |a 382.0952 
082 |b W582/1971 
245 0 |a White paper on international trade Japan 1971 
260 |a Japan 
260 |b Japan External Trade Organization 
260 |c 1971 
650 |a Balance of payments,Japan 
650 |x Commerce 
650 |z Japan 
904 |i Tuyến 
980 |a Trung tâm Học liệu Trường Đại học Cần Thơ